| 000 | 00599nam a2200217 a 4500 | ||
|---|---|---|---|
| 001 | BRCA_7795 | ||
| 005 | 20190320210011.0 | ||
| 008 | 011013s1958----nyua######---#000-0#eng-# | ||
| 041 | _aeng | ||
| 044 | _anyu | ||
| 050 | 4 |
_aND553.V3 _b.S76 1958 |
|
| 100 | 1 |
_aStorm, John _919306 |
|
| 245 | 1 | 0 |
_aThe Valadon drama _bthe life of Suzanne Valadon _cby John Storm. |
| 260 |
_aNueva York _bE. P. Dutton _c1958 |
||
| 300 |
_a271 p. _bil. _c22 cm. |
||
| 500 | _aX51 | ||
| 600 | 1 | 4 |
_aValadon, Suzanne _d1865-1938 _919307 |
| 650 | 1 | 4 |
_aPintores franceses _vBiografĂas _919308 |
| 902 | _aGFM | ||
| 942 |
_2lcc _cB |
||
| 999 |
_c7469 _d7469 |
||